000 01401cam a2200325 i 4500
001 20528299
005 20220721105222.0
008 180604s2019 enk b 001 0 eng
010 _a 2018027120
020 _a9781108423205 (hardback)
020 _a9781108436397 (pbk.)
040 _aDLC
_beng
_cDLC
_erda
_dDLC
042 _apcc
050 0 0 _aKZ7000
_b.S73 2019
082 0 0 _a345
_bSTA
100 1 _aStahn, Carsten,
_d1971-
_eauthor.
_994281
245 1 2 _aA critical introduction to international criminal law /
_cCarsten Stahn, Universiteit Leiden.
264 1 _aCambridge, United Kingdom ;
_aNew York, NY, USA :
_bCambridge University Press,
_c2019.
300 _axviii, 448 pages ;
_c25 cm
336 _atext
_btxt
_2rdacontent
337 _aunmediated
_bn
_2rdamedia
338 _avolume
_bnc
_2rdacarrier
504 _aIncludes bibliographical references and index.
505 0 _aIntroduction -- International crimes -- Individual and collective responsibility -- The global institutional architecture -- International criminal justice procedures -- Remedying wrong -- Beyond the status quo : re-thinking international criminal law.
650 0 _aInternational criminal law.
_989727
655 7 _aTextbooks.
_2lcgft
906 _a7
_bcbc
_corignew
_d1
_eecip
_f20
_gy-gencatlg
942 _2ddc
_cBK
999 _c590445
_d590445